Combien de ville des Pyrénées Atlantiques (64) connais-tu ? - Statistiques

Statistiques générales
  • Ce quiz a été pris 45 fois
  • Le résultat moyen est 53 sur 546
Statistiques - réponses
Code postal Ville % Correct
64100 Bayonne
96%
64034 Pau
96%
64200 Biarritz
89%
64600 Anglet
74%
64400 Oloron-Sainte-Marie
74%
64502 Saint-Jean-de-Luz
74%
64700 Hendaye
70%
64300 Orthez
70%
64122 Urrugne
67%
64250 Espelette
63%
64230 Lescar
63%
64210 Bidart
59%
64220 Saint-Jean-Pied-de-Port
59%
64140 Billère
56%
64140 Lons
56%
64150 Mourenx
52%
64190 Navarrenx
52%
64110 Jurançon
48%
64130 Mauléon-Licharre
48%
64170 Artix
44%
64340 Boucau
44%
64250 Cambo-les-Bains
44%
64800 Nay
44%
64120 Saint-Palais
44%
64290 Gan
41%
64210 Guéthary
41%
64390 Laàs
41%
64170 Lacq
41%
64440 Laruns
41%
64360 Monein
41%
64160 Morlaàs
41%
64420 Soumoulou
41%
64310 Ascain
37%
64503 Ciboure
37%
64240 Hasparren
37%
64320 Idron
37%
64270 Salies-de-Béarn
37%
64310 Sare
37%
64121 Serres-Castet
37%
64480 Ustaritz
37%
64250 Ainhoa
33%
64390 Sauveterre-de-Béarn
33%
64240 Urt
33%
64570 Arette
30%
64220 Lasse
30%
64320 Lée
30%
64300 Mont
30%
64230 Sauvagnon
30%
64200 Arcangues
26%
64420 Artigueloutan
26%
64230 Artiguelouve
26%
64260 Arudy
26%
64320 Bizanos
26%
64510 Bordes
26%
64160 Buros
26%
64260 Castet
26%
64330 Garlin
26%
64290 Lasseube
26%
64990 Mouguerre
26%
64310 Saint-Pée-sur-Nivelle
26%
64190 Sus
26%
64490 Bedous
22%
64230 Denguin
22%
64440 Eaux-Bonnes
22%
64530 Ger
22%
64110 Laroin
22%
64121 Montardon
22%
64230 Poey-de-Lescar
22%
64530 Pontacq
22%
64270 Puyoô
22%
64260 Rébénacq
22%
64990 Saint-Pierre-d'Irube
22%
64450 Thèze
22%
64210 Arbonne
19%
64370 Arthez-de-Béarn
19%
64800 Bénéjacq
19%
64700 Biriatou
19%
64290 Bosdarros
19%
64130 Chéraute
19%
64800 Coarraze
19%
64450 Doumy
19%
64300 Laà-Mondrans
19%
64570 Lourdios-Ichère
19%
64320 Ousse
19%
64160 Sévignacq
19%
64190 Susmiou
19%
64470 Tardets-Sorholus
19%
64110 Uzos
19%
64990 Villefranque
19%
64490 Accous
15%
64210 Ahetze
15%
64570 Aramits
15%
64230 Arbus
15%
64400 Aren
15%
64800 Arros-de-Nay
15%
64510 Assat
15%
64130 Barcus
15%
64200 Bassussarry
15%
64520 Bidache
15%
64780 Bidarray
15%
64260 Bilhères
15%
64510 Boeil-Bezing
15%
64800 Bordères
15%
64450 Bournos
15%
64190 Castetnau-Camblong
15%
64190 Charre
15%
64130 Charritte-de-Bas
15%
64400 Gurmençon
15%
64190 Gurs
15%
64250 Itxassou
15%
64240 La Bastide-Clairence
15%
64350 Lembeye
15%
64800 Lestelle-Bétharram
15%
64250 Louhossoa
15%
64260 Louvie-Juzon
15%
64360 Lucq-de-Béarn
15%
64800 Mirepeix
15%
64400 Moumour
15%
64190 Nabas
15%
64420 Nousty
15%
64150 Pardies
15%
64190 Rivehaute
15%
64160 Saint-Castin
15%
64560 Sainte-Engrâce
15%
64490 Sarrance
15%
64250 Souraïde
15%
64990 Urcuit
15%
64230 Uzein
15%
64420 Andoins
11%
64510 Angaïs
11%
64320 Aressy
11%
64190 Audaux
11%
64230 Aussevielle
11%
64300 Baigts-de-Béarn
11%
64520 Bardos
11%
64800 Baudreix
11%
64270 Bellocq
11%
64190 Bugnein
11%
64520 Came
11%
64870 Escou
11%
64110 Gelos
11%
64400 Géronce
11%
64400 Geüs-d'Oloron
11%
64400 Goès
11%
64640 Iholdy
11%
64220 Irouléguy
11%
64480 Jatxou
11%
64150 Lagor
11%
64990 Lahonce
11%
64560 Larrau
11%
64480 Larressore
11%
64290 Lasseubetat
11%
64490 Lescun
11%
64300 Loubieng
11%
64260 Lys
11%
64240 Macaye
11%
64230 Mazerolles
11%
64510 Meillon
11%
64370 Mesplède
11%
64230 Momas
11%
64450 Navailles-Angos
11%
64490 Osse-en-Aspe
11%
64800 Pardies-Piétat
11%
64190 Préchacq-Navarrenx
11%
64300 Sault-de-Navailles
11%
64320 Sendets
11%
64470 Trois-Villes
11%
64490 Urdos
11%
64460 Aast
7%
64400 Agnos
7%
64430 Aldudes
7%
64120 Amendeuix-Oneix
7%
64190 Angous
7%
64190 Araujuzon
7%
64190 Araux
7%
64300 Argagnon
7%
64370 Arnos
7%
64410 Arzacq-Arraziguet
7%
64230 Aubin
7%
64450 Auga
7%
64300 Balansun
7%
64440 Béost
7%
64300 Bérenx
7%
64130 Berrogain-Laruns
7%
64400 Bidos
7%
64260 Bielle
7%
64300 Biron
7%
64240 Bonloc
7%
64300 Bonnut
7%
64490 Borce
7%
64230 Bougarber
7%
64370 Boumourt
7%
64800 Bourdettes
7%
64240 Briscous
7%
64260 Buzy
7%
64270 Castagnède
7%
64170 Casteide-Cami
7%
64370 Casteide-Candau
7%
64300 Castétis
7%
64170 Cescau
7%
64490 Cette-Eygun
7%
64360 Cuqueron
7%
64190 Dognen
7%
64160 Escoubès
7%
64420 Espoey
7%
64400 Esquiule
7%
64290 Estialescq
7%
64160 Gabaston
7%
64130 Garindein
7%
64120 Garris
7%
64190 Gestas
7%
64130 Gotein-Libarrenx
7%
64520 Guiche
7%
64370 Hagetaubin
7%
64640 Hélette
7%
64800 Igon
7%
64190 Jasses
7%
64120 Juxue
7%
64300 Lacadée
7%
64640 Lantabat
7%
64130 Lichos
7%
64560 Licq-Athérey
7%
64160 Lombia
7%
64120 Masparraute
7%
64110 Mazères-Lezons
7%
64240 Mendionde
7%
64190 Méritein
7%
64190 Ogenne-Camptort
7%
64120 Orègue
7%
64780 Ossès
7%
64160 Ouillon
7%
64300 Ozenx-Montestrucq
7%
64120 Pagolle
7%
64190 Préchacq-Josbaig
7%
64110 Rontignon
7%
64800 Saint-Abit
7%
64430 Saint-Étienne-de-Baïgorry
7%
64110 Saint-Faust
7%
64400 Saint-Goin
7%
64220 Saint-Jean-le-Vieux
7%
64640 Saint-Martin-d'Arberoue
7%
64400 Saucède
7%
64160 Sedzère
7%
64160 Serres-Morlaàs
7%
64170 Serres-Sainte-Marie
7%
64370 Urdès
7%
64150 Vielleségure
7%
64450 Viven
7%
64160 Abère
4%
64150 Abidos
4%
64390 Abitain
4%
64410 Arget
4%
64220 Arnéguy
4%
64120 Arraute-Charritte
4%
64800 Arthez-d'Asson
4%
64660 Asasp-Arros
4%
64800 Asson
4%
64260 Aste-Béon
4%
64290 Aubertin
4%
64450 Auriac
4%
64130 Aussurucq
4%
64490 Aydius
4%
64240 Ayherre
4%
64510 Baliros
4%
64430 Banca
4%
64160 Barinque
4%
64390 Barraute-Camu
4%
64190 Bastanès
4%
64460 Bédeille
4%
64160 Bernadets
4%
64260 Bescat
4%
64150 Bésingrand
4%
64800 Beuste
4%
64120 Beyrie-sur-Joyeuse
4%
64800 Bruges-Capbis-Mifaget
4%
64330 Burosse-Mendousse
4%
64680 Buziet
4%
64470 Camou-Cihigue
4%
64270 Carresse-Cassaber
4%
64300 Castetner
4%
64230 Caubios-Loos
4%
64490 Escot
4%
64870 Escout
4%
64160 Espéchède
4%
64390 Espiute
4%
64400 Estos
4%
64120 Etcharry
4%
64490 Etsaut
4%
64400 Eysus
4%
64120 Gabat
4%
64450 Garlède-Mondebat
4%
64390 Guinarthe-Parenties
4%
64480 Halsou
4%
64800 Haut-de-Bosdarros
4%
64680 Herrère
4%
64130 Idaux-Mendy
4%
64120 Ilharre
4%
64780 Irissarry
4%
64570 Issor
4%
64240 Isturits
4%
64260 Izeste
4%
64220 Jaxu
4%
64170 Labastide-Cézéracq
4%
64170 Labastide-Monréjeau
4%
64530 Labatmale
4%
64360 Lacommande
4%
64800 Lagos
4%
64150 Lahourcade
4%
64460 Lamayou
4%
64570 Lanne-en-Barétous
4%
64300 Lanneplaà
4%
64450 Lasclaveries
4%
64190 Lay-Lamidou
4%
64220 Lecumberry
4%
64400 Ledeuix
4%
64450 Lème
4%
64350 Lespielle
4%
64130 L'Hôpital-Saint-Blaise
4%
64420 Limendous
4%
64120 Lohitzun-Oyhercq
4%
64410 Lonçon
4%
64420 Lourenties
4%
64440 Louvie-Soubiron
4%
64410 Malaussanne
4%
64300 Maslacq
4%
64160 Maucor
4%
64130 Menditte
4%
64130 Moncayolle-Larrory-Mendibieu
4%
64800 Montaut
4%
64190 Montfort
4%
64470 Montory
4%
64370 Morlanne
4%
64130 Musculdy
4%
64510 Narcastet
4%
64190 Narp
4%
64680 Ogeu-les-Bains
4%
64130 Ordiarp
4%
64400 Orin
4%
64390 Orriule
4%
64190 Ossenx
4%
64400 Poey-d'Oloron
4%
64370 Pomps
4%
64460 Ponson-Dessus
4%
64270 Ramous
4%
64130 Roquiague
4%
64270 Saint-Dos
4%
64260 Sainte-Colome
4%
64640 Saint-Esteben
4%
64160 Saint-Jammes
4%
64780 Saint-Martin-d'Arrossa
4%
64800 Saint-Vincent
4%
64300 Salles-Mongiscard
4%
64300 Sallespisse
4%
64520 Sames
4%
64300 Sarpourenx
4%
64410 Séby
4%
64260 Sévignacq-Meyracq
4%
64350 Simacourbe
4%
64360 Tarsacq
4%
64220 Uhart-Cize
4%
64120 Uhart-Mixe
4%
64370 Uzan
4%
64130 Viodos-Abense-de-Bas
4%
64360 Abos
0%
64220 Ahaxe-Alciette-Bascassan
0%
64120 Aïcirits-Camou-Suhast
0%
64220 Aincille
0%
64130 Ainharp
0%
64220 Ainhice-Mongelos
0%
64470 Alçay-Alçabéhéty-Sunharette
0%
64470 Alos-Sibas-Abense
0%
64120 Amorots-Succos
0%
64570 Ance Féas
0%
64390 Andrein
0%
64220 Anhaux
0%
64160 Anos
0%
64350 Anoye
0%
64270 Arancou
0%
64120 Arbérats-Sillègue
0%
64120 Arbouet-Sussaute
0%
64450 Argelos
0%
64120 Arhansus
0%
64640 Armendarits
0%
64120 Aroue-Ithorots-Olhaïby
0%
64130 Arrast-Larrebieu
0%
64350 Arricau-Bordes
0%
64420 Arrien
0%
64350 Arrosès
0%
64220 Ascarat
0%
64450 Astis
0%
64390 Athos-Aspis
0%
64330 Aubous
0%
64350 Aurions-Idernes
0%
64270 Auterrive
0%
64390 Autevielle-Saint-Martin-Bideren
0%
64330 Aydie
0%
64460 Baleix
0%
64330 Baliracq-Maumusson
0%
64530 Barzun
0%
64350 Bassillon-Vauzé
0%
64120 Béguios
0%
64120 Béhasque-Lapiste
0%
64220 Béhorléguy
0%
64460 Bentayou-Sérée
0%
64270 Bergouey-Viellenave
0%
64350 Bétracq
0%
64230 Beyrie-en-Béarn
0%
64330 Boueilh-Boueilho-Lasque
0%
64410 Bouillon
0%
64120 Bunus
0%
64390 Burgaronne
0%
64220 Bussunarits-Sarrasquette
0%
64220 Bustince-Iriberry
0%
64410 Cabidos
0%
64330 Cadillon
0%
64360 Cardesse
0%
64220 Caro
0%
64160 Carrère
0%
64460 Casteide-Doat
0%
64460 Castéra-Loubix
0%
64190 Castetbon
0%
64330 Castetpugon
0%
64370 Castillon (Canton d'Arthez-de-Béarn)
0%
64350 Castillon (Canton de Lembeye)
0%
64330 Claracq
0%
64330 Conchez-de-Béarn
0%
64350 Corbère-Abères
0%
64160 Coslédaà-Lube-Boast
0%
64410 Coublucq
0%
64350 Crouseilles
0%
64330 Diusse
0%
64370 Doazon
0%
64120 Domezain-Berraute
0%
64270 Escos
0%
64350 Escurès
0%
64420 Eslourenties-Daban
0%
64130 Espès-Undurein
0%
64220 Estérençuby
0%
64470 Etchebar
0%
64410 Fichous-Riumayou
0%
64220 Gamarthe
0%
64410 Garos
0%
64350 Gayon
0%
64160 Gerderest
0%
64260 Gère-Bélesten
0%
64370 Géus-d'Arzacq
0%
64420 Gomer
0%
64470 Haux
0%
64160 Higuères-Souye
0%
64120 Hosta
0%
64420 Hours
0%
64120 Ibarrolle
0%
64220 Ispoure
0%
64270 Labastide-Villefranche
0%
64460 Labatut-Figuières
0%
64120 Labets-Biscay
0%
64300 Labeyrie
0%
64220 Lacarre
0%
64470 Lacarry-Arhan-Charritte-de-Haut
0%
64470 Laguinge-Restoue
0%
64270 Lahontan
0%
64350 Lalongue
0%
64450 Lalonquette
0%
64350 Lannecaube
0%
64120 Larceveau-Arros-Cibits
0%
64410 Larreule
0%
64120 Larribar-Sorhapuru
0%
64350 Lasserre
0%
64490 Lées-Athas
0%
64270 Léren
0%
64160 Lespourcy
0%
64270 L'Hôpital-d'Orion
0%
64470 Lichans-Sunhar
0%
64530 Livron
0%
64410 Louvigny
0%
64350 Luc-Armau
0%
64350 Lucarré
0%
64420 Lucgarier
0%
64660 Lurbe-Saint-Christau
0%
64160 Lussagnet-Lusson
0%
64120 Luxe-Sumberraute
0%
64330 Mascaraàs-Haron
0%
64350 Maspie-Lalonquère-Juillacq
0%
64460 Maure
0%
64120 Méharin
0%
64220 Mendive
0%
64410 Méracq
0%
64410 Mialos
0%
64450 Miossens-Lanusse
0%
64350 Momy
0%
64160 Monassut-Audiracq
0%
64350 Moncaup
0%
64330 Moncla
0%
64350 Monpezat
0%
64460 Monségur
0%
64410 Montagut
0%
64460 Montaner
0%
64330 Mont-Disse
0%
64330 Mouhous
0%
64150 Noguères
0%
64390 Oraàs
0%
64390 Orion
0%
64120 Orsanco
0%
64150 Os-Marsillon
0%
64470 Ossas-Suhare
0%
64390 Osserain-Rivareyte
0%
64120 Ostabat-Asme
0%
64360 Parbayse
0%
64350 Peyrelongue-Abos
0%
64410 Piets-Plasence-Moustrou
0%
64460 Ponson-Debat-Pouts
0%
64460 Pontiacq-Viellepinte
0%
64330 Portet
0%
64410 Pouliacq
0%
64410 Poursiugues-Boucoue
0%
64400 Précilhon
0%
64330 Ribarrouy
0%
64160 Riupeyrous
0%
64160 Saint-Armou
0%
64300 Saint-Boès
0%
64300 Saint-Girons-en-Béarn
0%
64390 Saint-Gladie-Arrive-Munein
0%
64330 Saint-Jean-Poudge
0%
64120 Saint-Just-Ibarre
0%
64160 Saint-Laurent-Bretagne
0%
64370 Saint-Médard
0%
64220 Saint-Michel
0%
64270 Saint-Pé-de-Léren
0%
64350 Samsons-Lion
0%
64420 Saubole
0%
64470 Sauguis-Saint-Étienne
0%
64150 Sauvelade
0%
64160 Sedze-Maubecq
0%
64350 Séméacq-Blachon
0%
64230 Siros
0%
64780 Suhescun
0%
64190 Tabaille-Usquain
0%
64330 Tadousse-Ussau
0%
64330 Taron-Sadirac-Viellenave
0%
64430 Urepel
0%
64160 Urost
0%
64400 Verdets
0%
64330 Vialer
0%
64170 Viellenave-d'Arthez
0%
64190 Viellenave-de-Navarrenx
0%
64410 Vignes
0%
Aucun quiz correspondant
Distribution des résultats
% des personnes avec chaque résultat
Percentile par nombre de réponses
Votre historique - résultats
Vous n’avez pas pris ce quiz